[Event "2nd Turkish League 2017"]
[Site "Konya"]
[Date "2017.07.19"]
[Round "4"]
[White "Simsek, Meltem"]
[Black "Bayrak, Asli"]
[Result "0-1"]
[WhiteElo "1752"]
[BlackElo "2056"]
[Annotator "NA"]
[PlyCount "94"]
[EventType "team-tourn"]
[EventCountry "TUR"]
[SourceTitle "playchess.com"]
[Source "ChessBase"]
[SourceQuality "1"]
[TimeControl "5400+30"]

1. Nf3 {[%emt 0:00:30]} d5 {[%emt 0:01:00]} 2. g3 {[%emt 0:00:00]} Nf6 {[%emt 0:03:30]} 3. Bg2 {[%emt 0:00:00]} e6 {[%emt 0:07:30]} 4. O-O {[%emt 0:00:30]} c5 {[%emt 0:02:30]} 5. d3 {[%emt 0:07:30]} Nc6 {[%emt 0:02:30]} 6. Nbd2 {[%emt 0:00:30]} Be7 {[%emt 0:09:30]} 7. e4 {[%emt 0:02:30]} dxe4 {[%emt 0:05:30]} 8. dxe4 {[%emt 0:00:30]} e5 {[%emt 0:00:00]} 9. c3 {[%emt 0:01:30] LiveBook: 8 Games} O-O {[%emt 0:05:00]} 10. a4 {[%emt 0:07:30]} Qc7 {[%emt 0:01:30]} 11. Qe2 {[%emt 0:05:30]} Na5 $11 {[%emt 0:04:30]} 12. b3 {[%emt 0:04:30]} Be6 {[%emt 0:02:30]} 13. Rb1 {[%emt 0:01:30]} Rfd8 {[%emt 0:12:30]} 14. h3 {[%emt 0:03:30]} h6 {[%emt 0:03:30]} 15. Ba3 {[%emt 0:06:30]} Nc6 {[%emt 0:05:30]} 16. Rfd1 {[%emt 0:18:30]} b6 {[%emt 0:03:30]} 17. Kh2 {[%emt 0:01:30]} Nh7 {[%emt 0:07:30]} 18. Ne1 {[%emt 0:05:30]} Bg5 {[%emt 0:03:59]} 19. Nef3 {[%emt 0:01:30]} Be7 {[%emt 0:02:16]} 20. Ne1 {[%emt 0:00:30]} Rd7 {[%emt 0:01:17]} 21. Nc2 {[%emt 0:09:30]} Bg5 {[%emt 0:02:32]} 22. Ne3 {[%emt 0:05:43]} Bxe3 {[%emt 0:00:35]} 23. Qxe3 {[%emt 0:00:30]} Rad8 {[%emt 0:00:30]} 24. Bf1 {[%emt 0:01:31]} Na5 {[%emt 0:01:29]} 25. Be2 {[%emt 0:03:05]} c4 {[%emt 0:02:10]} 26. b4 {[%emt 0:01:22]} Nb3 {[%emt 0:00:32]} 27. Nxb3 {[%emt 0:00:48]} Rxd1 {[%emt 0:01:47]} 28. Rxd1 {[%emt 0:01:35]} Rxd1 {[%emt 0:00:41]} 29. Bxd1 {[%emt 0:00:30]} cxb3 {[%emt 0:00:00]} 30. Qd2 {[%emt 0:00:56]} Ng5 {[%emt 0:01:00]} 31. Qd3 {[%emt 0:03:07]} Nxh3 {[%emt 0:00:47]} 32. Kg2 {[%emt 0:01:14]} Ng5 {[%emt 0:01:06]} 33. b5 {[%emt 0:00:17]} Bc4 {[%emt 0:01:45]} 34. Qb1 {[%emt 0:02:47]} Qd7 {[%emt 0:00:59]} 35. g4 {[%emt 0:02:36]} Qd2 {[%emt 0:00:29]} 36. Bxb3 {[%emt 0:00:44]} Bxb3 {[%emt 0:00:37]} 37. Qxb3 {[%emt 0:00:30]} Nxe4 {[%emt 0:00:00]} 38. Qb2 {[%emt 0:00:00]} Qf4 {[%emt 0:01:58]} 39. c4 {[%emt 0:01:37]} Qxg4+ {[%emt 0:00:13]} 40. Kf1 {[%emt 0:00:17]} Qd1+ {[%emt 0:01:02]} 41. Kg2 {[%emt 0:00:17]} Qg4+ {[%emt 0:00:44]} 42. Kf1 {[%emt 0:00:21]} Qf4 {[%emt 0:00:29]} 43. Bb4 {[%emt 0:01:13]} h5 {[%emt 0:00:18]} 44. Be1 {[%emt 0:00:18]} h4 {[%emt 0:00:58]} 45. Kg2 {[%emt 0:00:37]} Ng5 {[%emt 0:00:53]} 46. Qe2 {[%emt 0:00:40]} h3+ {[%emt 0:00:38]} 47. Kh1 {[%emt 0:00:21]} Nf3 {[%emt 0:00:28]} 0-1

[Event "2nd Turkish League 2017"]
[Site "Konya"]
[Date "2017.07.19"]
[Round "4"]
[White "Keskin, Suara"]
[Black "Turkkan, Ece"]
[Result "1-0"]
[WhiteElo "1716"]
[BlackElo "1532"]
[Annotator "NA"]
[PlyCount "69"]
[EventType "team-tourn"]
[EventCountry "TUR"]
[SourceTitle "playchess.com"]
[Source "ChessBase"]
[SourceQuality "1"]
[TimeControl "5400+30"]

1. Nf3 {[%emt 0:00:30]} Nf6 {[%emt 0:01:00]} 2. g3 {[%emt 0:00:30]} d5 {[%emt 0:00:30]} 3. Bg2 {[%emt 0:00:00]} c6 {[%emt 0:00:30]} 4. d3 {[%emt 0:00:00]} e6 {[%emt 0:00:00]} 5. O-O {[%emt 0:00:30]} Be7 {[%emt 0:00:00]} 6. Nbd2 {[%emt 0:00:30]} Nbd7 {[%emt 0:00:30]} 7. e4 {[%emt 0:00:30]} Qc7 {[%emt 0:06:30]} 8. c3 {[%emt 0:02:30]} O-O {[%emt 0:00:30]} 9. Qc2 {[%emt 0:00:00]} b6 {[%emt 0:04:30]} 10. h3 {[%emt 0:03:00]} Bb7 {[%emt 0:02:30]} 11. Re1 {[%emt 0:00:30]} c5 {[%emt 0:12:30]} 12. e5 {[%emt 0:15:30]} Ne8 {[%emt 0:01:30]} 13. Nf1 {[%emt 0:00:30]} Rc8 {[%emt 0:15:30]} 14. N1h2 {[%emt 0:02:30]} Qd8 {[%emt 0:05:30]} 15. Qa4 {[%emt 0:03:30]} Nc7 {[%emt 0:13:30]} 16. Bf4 {[%emt 0:04:30]} d4 {[%emt 0:05:30]} 17. cxd4 {[%emt 0:02:30]} cxd4 {[%emt 0:07:30]} 18. Qxd4 {[%emt 0:09:30]} Bc5 {[%emt 0:01:30]} 19. Qa4 {[%emt 0:00:30]} Nd5 {[%emt 0:01:16]} 20. Bg5 {[%emt 0:01:30]} Be7 {[%emt 0:01:39]} 21. Qg4 {[%emt 0:01:30]} Kh8 {[%emt 0:10:17]} 22. h4 {[%emt 0:19:30]} Nc5 {[%emt 0:02:31]} 23. d4 {[%emt 0:01:30]} Nd3 {[%emt 0:00:28]} 24. Re2 {[%emt 0:01:30]} Ba6 {[%emt 0:00:29]} 25. Bxe7 {[%emt 0:01:30]} Qxe7 {[%emt 0:00:44]} 26. Rd2 {[%emt 0:03:30]} Rc7 {[%emt 0:04:18]} 27. a3 {[%emt 0:00:30]} Nc1 {[%emt 0:01:13]} 28. Rd1 {[%emt 0:05:52]} Nd3 {[%emt 0:00:44]} 29. Rab1 {[%emt 0:02:06]} Rfc8 {[%emt 0:00:50]} 30. Bf1 {[%emt 0:00:10]} Nxf2 {[%emt 0:00:51]} 31. Kxf2 {[%emt 0:00:24]} Rc2+ {[%emt 0:00:29]} 32. Rd2 {[%emt 0:00:38]} Rxd2+ {[%emt 0:00:42]} 33. Nxd2 {[%emt 0:00:02]} Rc2 {[%emt 0:00:09]} 34. Qd1 {[%emt 0:00:17]} Qc7 {[%emt 0:01:03]} 35. Bxa6 {[%emt 0:00:09]} 1-0

[Event "2nd Turkish League 2017"]
[Site "Konya"]
[Date "2017.07.19"]
[Round "4"]
[White "Ozkurt, Kutay"]
[Black "Yakar, Ozan Tuna"]
[Result "0-1"]
[WhiteElo "1712"]
[BlackElo "1718"]
[Annotator "NA"]
[PlyCount "60"]
[EventType "team-tourn"]
[EventCountry "TUR"]
[SourceTitle "playchess.com"]
[Source "ChessBase"]
[SourceQuality "1"]
[TimeControl "5400+30"]

1. f4 {[%emt 0:00:30]} Nf6 {[%emt 0:02:00]} 2. g3 {[%emt 0:00:00]} c5 {[%emt 0:00:30]} 3. Bg2 {[%emt 0:00:00]} Nc6 {[%emt 0:01:30]} 4. Nf3 {[%emt 0:00:00]} g6 {[%emt 0:00:30]} 5. O-O {[%emt 0:00:00]} Bg7 {[%emt 0:00:30]} 6. d3 {[%emt 0:00:30]} d5 {[%emt 0:00:30]} 7. Qe1 {[%emt 0:00:30]} O-O {[%emt 0:01:30]} 8. Bd2 {[%emt 0:00:00]} Re8 {[%emt 0:14:30]} 9. Na3 {[%emt 0:02:00]} e5 {[%emt 0:11:30]} 10. fxe5 {[%emt 0:03:30]} Nxe5 {[%emt 0:01:30]} 11. Nxe5 {[%emt 0:00:30]} Rxe5 {[%emt 0:00:30]} 12. Bf4 {[%emt 0:00:00]} Re6 {[%emt 0:13:30]} 13. Nb5 {[%emt 0:02:00]} Nh5 {[%emt 0:02:30]} 14. Bxd5 {[%emt 0:04:30]} Nxf4 {[%emt 0:05:30]} 15. Rxf4 {[%emt 0:00:00]} Qxd5 {[%emt 0:00:30]} 16. Nc7 {[%emt 0:04:00]} Bd4+ {[%emt 0:03:30]} 17. Rf2 {[%emt 0:07:30]} Qc6 {[%emt 0:03:30]} 18. Nxa8 {[%emt 0:00:30]} b6 {[%emt 0:00:30]} 19. h3 {[%emt 0:07:30]} Bb7 {[%emt 0:03:30]} 20. Kh2 {[%emt 0:00:30]} Bxf2 {[%emt 0:00:30]} 21. Qxf2 {[%emt 0:00:00]} Rf6 {[%emt 0:00:30]} 22. Qg1 {[%emt 0:00:00]} Bxa8 {[%emt 0:00:30]} 23. e4 {[%emt 0:00:30]} Qd6 {[%emt 0:01:30]} 24. Re1 {[%emt 0:01:30]} Re6 {[%emt 0:02:30]} 25. Qf2 {[%emt 0:00:30]} Kg7 {[%emt 0:01:30]} 26. Qe3 {[%emt 0:01:30]} Qe5 {[%emt 0:00:30]} 27. Qf4 {[%emt 0:02:30]} Qxb2 {[%emt 0:02:30]} 28. Re2 {[%emt 0:01:30]} Qe5 {[%emt 0:00:00]} 29. Qh4 {[%emt 0:00:30]} Qf6 {[%emt 0:03:00]} 30. Qg4 {[%emt 0:00:30]} h5 {[%emt 0:00:00]} 0-1

[Event "2nd Turkish League 2017"]
[Site "Konya"]
[Date "2017.07.19"]
[Round "4"]
[White "Kuru, Ferhat"]
[Black "Suzan, Ufuk"]
[Result "0-1"]
[WhiteElo "1681"]
[BlackElo "1813"]
[Annotator "NA"]
[PlyCount "60"]
[EventType "team-tourn"]
[EventCountry "TUR"]
[SourceTitle "playchess.com"]
[Source "ChessBase"]
[SourceQuality "1"]
[TimeControl "5400+30"]

1. e4 {[%emt 0:00:30]} e5 {[%emt 0:01:00]} 2. d4 {[%emt 0:00:30]} exd4 {[%emt 0:00:30]} 3. Qxd4 {[%emt 0:00:30]} Nc6 {[%emt 0:00:30]} 4. Qe3 {[%emt 0:00:30]} Nf6 {[%emt 0:02:30]} 5. Nc3 {[%emt 0:02:30]} Bb4 {[%emt 0:01:30]} 6. Bd2 {[%emt 0:04:30]} O-O {[%emt 0:02:30]} 7. O-O-O {[%emt 0:03:30]} d6 {[%emt 0:03:30]} 8. f3 {[%emt 0:04:30]} Re8 {[%emt 0:01:30]} 9. Bc4 {[%emt 0:00:30]} Na5 $11 {[%emt 0:01:30] LiveBook: 6 Games} (9... Ne5 $15 10. Bb3 Bd7) 10. Be2 {[%emt 0:02:30]} Be6 {[%emt 0:04:30]} 11. a3 {[%emt 0:09:30]} Bc5 {[%emt 0:00:30]} 12. Qg5 {[%emt 0:01:30]} Nc4 {[%emt 0:01:30]} 13. Bxc4 {[%emt 0:01:30]} Bxc4 {[%emt 0:00:30]} 14. g4 {[%emt 0:02:30]} b5 {[%emt 0:00:30]} 15. b4 {[%emt 0:22:30]} Bb6 {[%emt 0:02:30]} 16. Nce2 {[%emt 0:01:30]} a5 {[%emt 0:06:30]} 17. Bc3 {[%emt 0:02:30]} axb4 {[%emt 0:00:30]} 18. axb4 {[%emt 0:01:30]} h6 {[%emt 0:04:30]} 19. Qf4 {[%emt 0:01:30]} Qb8 {[%emt 0:04:30]} 20. Bxf6 {[%emt 0:05:30]} gxf6 {[%emt 0:01:30]} 21. Qxh6 {[%emt 0:00:30]} Qa7 {[%emt 0:01:30]} 22. Kd2 {[%emt 0:02:30]} Qa3 {[%emt 0:01:30]} 23. Qxf6 {[%emt 0:07:30]} Re5 {[%emt 0:10:30]} 24. Rb1 {[%emt 0:13:03]} Qe3+ {[%emt 0:02:30]} 25. Kd1 {[%emt 0:02:28]} Qf2 {[%emt 0:00:30]} 26. Nf4 {[%emt 0:02:58]} Qf1+ {[%emt 0:00:30]} 27. Kd2 {[%emt 0:00:08]} Qxb1 {[%emt 0:00:30]} 28. Nge2 {[%emt 0:02:48]} Qxb4+ {[%emt 0:00:30]} 29. c3 {[%emt 0:01:19]} Ra2+ {[%emt 0:00:30]} 30. Kd1 {[%emt 0:00:56]} Qb3+ {[%emt 0:00:30]} 0-1

[Event "2nd Turkish League 2017"]
[Site "Konya"]
[Date "2017.07.19"]
[Round "4"]
[White "Ilkbahar, Nimet Seray"]
[Black "Ozsoy, Damla"]
[Result "1/2-1/2"]
[WhiteElo "1618"]
[BlackElo "1490"]
[Annotator "NA"]
[PlyCount "91"]
[EventType "team-tourn"]
[EventCountry "TUR"]
[SourceTitle "playchess.com"]
[Source "ChessBase"]
[SourceQuality "1"]
[TimeControl "5400+30"]

1. e4 {[%emt 0:00:30]} c5 {[%emt 0:01:00]} 2. c3 {[%emt 0:00:00]} d5 {[%emt 0:00:30]} 3. exd5 {[%emt 0:00:00]} Qxd5 {[%emt 0:00:30]} 4. d4 {[%emt 0:00:00]} cxd4 {[%emt 0:00:00]} 5. cxd4 {[%emt 0:03:00]} Nc6 {[%emt 0:00:00]} 6. Nf3 {[%emt 0:01:30]} e5 {[%emt 0:00:00]} 7. dxe5 {[%emt 0:06:30]} Qxd1+ {[%emt 0:00:00]} 8. Kxd1 {[%emt 0:00:30]} Bg4 {[%emt 0:00:00]} 9. Bf4 {[%emt 0:04:30]} O-O-O+ {[%emt 0:01:00]} 10. Nbd2 {[%emt 0:02:30]} Bb4 {[%emt 0:09:30]} 11. Be2 {[%emt 0:13:30]} Bxf3 {[%emt 0:14:30]} 12. Bxf3 {[%emt 0:00:30]} Bxd2 {[%emt 0:03:30]} 13. Bxd2 {[%emt 0:00:30]} Nxe5 {[%emt 0:00:30]} 14. Rc1+ {[%emt 0:00:30]} Kb8 {[%emt 0:00:30]} 15. Ke2 {[%emt 0:00:30]} Nxf3 {[%emt 0:00:30]} 16. Bf4+ {[%emt 0:00:30]} Ka8 {[%emt 0:00:30]} 17. Kxf3 {[%emt 0:00:30]} Ne7 {[%emt 0:00:30]} 18. Rhd1 {[%emt 0:00:30]} Nc6 {[%emt 0:00:30]} 19. Ke2 {[%emt 0:18:30]} Rhe8+ {[%emt 0:18:30]} 20. Kf1 {[%emt 0:00:30]} a6 {[%emt 0:03:30]} 21. Bc7 {[%emt 0:01:30]} Rxd1+ {[%emt 0:02:30]} 22. Rxd1 {[%emt 0:01:30]} Re7 {[%emt 0:00:30]} 23. Bb6 {[%emt 0:00:30]} f5 {[%emt 0:05:30]} 24. a3 {[%emt 0:04:30]} Kb8 {[%emt 0:01:30]} 25. Re1 {[%emt 0:03:30]} Kc8 {[%emt 0:02:30]} 26. Rxe7 {[%emt 0:02:30]} Nxe7 {[%emt 0:00:30]} 27. Ke2 {[%emt 0:00:00]} Kd7 {[%emt 0:00:30]} 28. Bd4 {[%emt 0:00:00]} g6 {[%emt 0:01:30]} 29. Kf3 {[%emt 0:04:30]} Nd5 {[%emt 0:02:30]} 30. g4 {[%emt 0:03:30]} fxg4+ {[%emt 0:01:30]} 31. Kxg4 {[%emt 0:00:30]} Ke6 {[%emt 0:02:30]} 32. Kg5 {[%emt 0:02:30]} Ne7 {[%emt 0:00:00]} 33. Bc3 {[%emt 0:02:30]} Nf5 {[%emt 0:00:00]} 34. h4 {[%emt 0:02:30]} Kf7 {[%emt 0:02:30]} 35. h5 {[%emt 0:05:53]} h6+ {[%emt 0:04:30]} 36. Kg4 {[%emt 0:00:15]} Nd6 {[%emt 0:07:13]} 37. Be5 {[%emt 0:05:35]} Ne4 {[%emt 0:05:59]} 38. hxg6+ {[%emt 0:06:06]} Kxg6 {[%emt 0:00:33]} 39. Kf3 {[%emt 0:00:06]} Kf5 {[%emt 0:02:30]} 40. Bd4 {[%emt 0:02:58]} h5 {[%emt 0:02:57]} 41. Kg2 {[%emt 0:01:21]} Nf6 {[%emt 0:03:09]} 42. Kh3 {[%emt 0:00:59]} Ng4 {[%emt 0:01:36]} 43. Kh4 {[%emt 0:00:45]} Kg6 {[%emt 0:00:10]} 44. Bc5 {[%emt 0:00:16]} Nh6 {[%emt 0:00:27]} 45. Bb4 {[%emt 0:00:43]} Nf5+ {[%emt 0:01:29]} 46. Kh3 {[%emt 0:00:02]} 1/2-1/2

[Event "2nd Turkish League 2017"]
[Site "Konya"]
[Date "2017.07.19"]
[Round "4"]
[White "Koc, Aylin"]
[Black "Catal, Uktenur"]
[Result "0-1"]
[WhiteElo "1550"]
[BlackElo "1613"]
[Annotator "NA"]
[PlyCount "128"]
[EventType "team-tourn"]
[EventCountry "TUR"]
[SourceTitle "playchess.com"]
[Source "ChessBase"]
[SourceQuality "1"]
[TimeControl "5400+30"]

1. e4 {[%emt 0:00:30]} c5 {[%emt 0:01:00]} 2. Nf3 {[%emt 0:00:00]} a6 {[%emt 0:00:00]} 3. a4 {[%emt 0:00:00]} Qc7 {[%emt 0:04:00]} 4. d4 {[%emt 0:01:30]} cxd4 {[%emt 0:00:30]} 5. Nxd4 {[%emt 0:00:30]} Nf6 {[%emt 0:02:30]} 6. Nc3 {[%emt 0:00:30]} e6 {[%emt 0:04:30]} 7. Qf3 {[%emt 0:07:30]} Nc6 {[%emt 0:06:30]} 8. Nxc6 {[%emt 0:02:30]} bxc6 {[%emt 0:00:30]} 9. Bc4 {[%emt 0:01:30]} d5 {[%emt 0:03:30]} 10. exd5 {[%emt 0:00:30]} cxd5 {[%emt 0:00:30]} 11. Bb3 {[%emt 0:00:30]} Bb7 {[%emt 0:00:30]} 12. Bf4 {[%emt 0:11:30]} Bd6 {[%emt 0:00:30]} 13. Bxd6 {[%emt 0:02:30]} Qxd6 {[%emt 0:00:30]} 14. O-O {[%emt 0:00:30]} O-O {[%emt 0:00:30]} 15. Rfe1 {[%emt 0:03:30]} Rfe8 {[%emt 0:02:30]} 16. Rad1 {[%emt 0:01:30]} Rad8 {[%emt 0:01:30]} 17. a5 {[%emt 0:05:30]} Qb4 {[%emt 0:02:30]} 18. Ba4 {[%emt 0:07:30]} Rf8 {[%emt 0:28:30]} 19. Ra1 {[%emt 0:04:30]} Qxa5 {[%emt 0:12:30]} 20. Bc6 {[%emt 0:00:30]} Qc7 {[%emt 0:00:30]} 21. Bxb7 {[%emt 0:00:30]} Qxb7 {[%emt 0:00:00]} 22. Qd3 {[%emt 0:00:30]} Rd6 {[%emt 0:03:00]} 23. Ra2 {[%emt 0:02:30]} Ra8 {[%emt 0:04:30]} 24. Rea1 {[%emt 0:01:30]} e5 {[%emt 0:01:30]} 25. Na4 {[%emt 0:02:30]} Rc6 {[%emt 0:00:59]} 26. Nc3 {[%emt 0:00:30]} e4 {[%emt 0:02:28]} 27. Qd4 {[%emt 0:01:30]} Rc4 {[%emt 0:02:08]} 28. Qe5 {[%emt 0:02:30]} Re8 {[%emt 0:00:43]} 29. Qd6 {[%emt 0:01:30]} Rc6 {[%emt 0:00:11]} 30. Qf4 {[%emt 0:02:30]} d4 {[%emt 0:00:39]} 31. Nd1 {[%emt 0:00:30]} Nd5 {[%emt 0:01:32]} 32. Qd2 {[%emt 0:00:30]} Nb4 {[%emt 0:00:21]} 33. Qxd4 {[%emt 0:02:30]} Nxc2 {[%emt 0:00:43]} 34. Qa4 {[%emt 0:01:30]} Nxa1 {[%emt 0:00:36]} 35. Rxa1 {[%emt 0:00:00]} Qb5 {[%emt 0:00:22]} 36. Qd4 {[%emt 0:03:00]} h6 {[%emt 0:01:19]} 37. Ne3 {[%emt 0:00:30]} Rec8 {[%emt 0:01:37]} 38. g3 {[%emt 0:03:30]} Qd3 {[%emt 0:01:59]} 39. Qe5 {[%emt 0:04:30]} Re6 {[%emt 0:00:39]} 40. Qf4 {[%emt 0:00:30]} Qd6 {[%emt 0:00:21]} 41. Qh4 {[%emt 0:00:30]} Qe5 {[%emt 0:00:25]} 42. Qg4 {[%emt 0:03:30]} Qg5 {[%emt 0:02:16]} 43. Qe2 {[%emt 0:00:30]} Rcc6 {[%emt 0:01:24]} 44. h4 {[%emt 0:00:30]} Qb5 {[%emt 0:00:46]} 45. Qg4 {[%emt 0:01:50]} Qxb2 {[%emt 0:01:10]} 46. Ra4 {[%emt 0:01:40]} Qf6 {[%emt 0:01:42]} 47. Rxe4 {[%emt 0:01:25]} Rxe4 {[%emt 0:00:38]} 48. Qxe4 {[%emt 0:00:20]} Rc1+ {[%emt 0:00:00]} 49. Kg2 {[%emt 0:04:02]} Qe6 {[%emt 0:01:06]} 50. Qa8+ {[%emt 0:01:11]} Rc8 {[%emt 0:00:13]} 51. Qf3 {[%emt 0:00:12]} a5 {[%emt 0:00:26]} 52. Nf5 {[%emt 0:00:25]} Re8 {[%emt 0:00:33]} 53. Ne3 {[%emt 0:01:37]} Qe4 {[%emt 0:00:39]} 54. Qxe4 {[%emt 0:00:30]} Rxe4 {[%emt 0:00:30]} 55. Kf3 {[%emt 0:00:00]} Rd4 {[%emt 0:00:00]} 56. Ke2 {[%emt 0:00:00]} Kf8 {[%emt 0:00:07]} 57. Nc2 {[%emt 0:00:07]} Rd6 {[%emt 0:00:00]} 58. Ke3 {[%emt 0:00:33]} a4 {[%emt 0:00:45]} 59. Na3 {[%emt 0:00:28]} Ke7 {[%emt 0:00:02]} 60. Ke4 {[%emt 0:00:27]} Rb6 {[%emt 0:01:05]} 61. Kd4 {[%emt 0:00:20]} Rb4+ {[%emt 0:00:21]} 62. Kc5 {[%emt 0:00:53]} Rb3 {[%emt 0:00:21]} 63. Nc4 {[%emt 0:00:08]} a3 {[%emt 0:00:30]} 64. Nd2 {[%emt 0:00:00]} Rb2 {[%emt 0:00:00]} 0-1

[Event "2nd Turkish League 2017"]
[Site "Konya"]
[Date "2017.07.19"]
[Round "4"]
[White "Hafizoglu, Bengi"]
[Black "Vanlioglu, Ece"]
[Result "1-0"]
[WhiteElo "1415"]
[BlackElo "1134"]
[Annotator "NA"]
[PlyCount "71"]
[EventType "team-tourn"]
[EventCountry "TUR"]
[SourceTitle "playchess.com"]
[Source "ChessBase"]
[SourceQuality "1"]
[TimeControl "5400+30"]

1. d4 {[%emt 0:00:30]} d5 {[%emt 0:01:00]} 2. Nf3 {[%emt 0:00:30]} e6 {[%emt 0:00:00]} 3. c4 {[%emt 0:00:00]} Nf6 {[%emt 0:00:00]} 4. Nc3 {[%emt 0:00:00]} Be7 {[%emt 0:00:30]} 5. Bf4 {[%emt 0:00:00]} O-O {[%emt 0:00:30]} 6. e3 {[%emt 0:00:00]} Nbd7 {[%emt 0:00:30]} 7. c5 {[%emt 0:02:30]} c6 {[%emt 0:05:30]} 8. Bd3 {[%emt 0:02:30]} b6 {[%emt 0:06:30]} 9. b4 {[%emt 0:00:30]} a5 {[%emt 0:04:30]} 10. a3 {[%emt 0:02:30]} Ba6 {[%emt 0:02:30]} 11. O-O {[%emt 0:01:30]} Ne4 {[%emt 0:07:30]} 12. Bxa6 {[%emt 0:06:30]} Nxc3 {[%emt 0:04:30]} 13. Qd3 {[%emt 0:03:30]} b5 {[%emt 0:03:30]} 14. Bb7 {[%emt 0:00:30]} Ra7 {[%emt 0:02:30]} 15. Bxc6 {[%emt 0:00:30]} Ne4 {[%emt 0:03:30]} 16. Bxb5 {[%emt 0:02:30]} h5 {[%emt 0:03:30]} 17. Bxd7 {[%emt 0:05:30]} Qxd7 {[%emt 0:00:30]} 18. Ne5 {[%emt 0:00:30]} Qc8 {[%emt 0:02:30]} 19. f3 {[%emt 0:01:30]} Nf6 {[%emt 0:03:30]} 20. b5 {[%emt 0:02:30]} Ra8 {[%emt 0:04:30]} 21. Nc6 {[%emt 0:02:30]} Bd8 {[%emt 0:00:30]} 22. Nxd8 {[%emt 0:01:30]} Qxd8 {[%emt 0:00:30]} 23. a4 {[%emt 0:00:30]} Nd7 {[%emt 0:03:30]} 24. b6 {[%emt 0:01:30]} Qc8 {[%emt 0:02:30]} 25. Qb5 {[%emt 0:03:30]} Qd8 {[%emt 0:01:30]} 26. b7 {[%emt 0:05:30]} Rb8 {[%emt 0:00:30]} 27. Bxb8 {[%emt 0:00:30]} Qxb8 {[%emt 0:00:00]} 28. c6 {[%emt 0:00:30]} Nf6 {[%emt 0:01:00]} 29. Qxa5 {[%emt 0:00:30]} Re8 {[%emt 0:02:30]} 30. Qb6 {[%emt 0:00:30]} Re7 {[%emt 0:01:30]} 31. a5 {[%emt 0:00:30]} Ne8 {[%emt 0:01:30]} 32. a6 {[%emt 0:00:30]} Nc7 {[%emt 0:00:30]} 33. a7 {[%emt 0:00:00]} Qe8 {[%emt 0:00:30]} 34. b8=Q {[%emt 0:00:00]} Qxb8 {[%emt 0:00:00]} 35. axb8=Q+ {[%emt 0:00:30]} Ne8 {[%emt 0:00:00]} 36. Q6d8 {[%emt 0:00:30]} 1-0

[Event "2nd Turkish League 2017"]
[Site "Konya"]
[Date "2017.07.20"]
[Round "5"]
[White "Rzayev, Bahruz"]
[Black "Aytekin, Murat Eren"]
[Result "1-0"]
[WhiteElo "2386"]
[BlackElo "2201"]
[Annotator "NA RC"]
[PlyCount "81"]
[EventType "team-tourn"]
[EventCountry "TUR"]
[SourceTitle "playchess.com"]
[Source "ChessBase"]
[SourceQuality "1"]
[TimeControl "5400+30"]

1. Nf3 {[%emt 0:00:30]} c5 {[%emt 0:01:00]} 2. g3 {[%emt 0:00:00]} g6 {[%emt 0:02:30]} 3. Bg2 {[%emt 0:00:00]} Bg7 {[%emt 0:00:30]} 4. O-O {[%emt 0:00:00]} Nc6 {[%emt 0:00:30]} 5. c4 {[%emt 0:00:00]} e5 {[%emt 0:00:30]} 6. Nc3 {[%emt 0:00:30]} Nge7 {[%emt 0:00:30]} 7. Ne1 {[%emt 0:00:30]} O-O {[%emt 0:00:30]} 8. Nc2 {[%emt 0:00:30]} d6 {[%emt 0:00:30]} 9. Ne3 {[%emt 0:00:00]} Be6 {[%emt 0:01:30] A37: Symmetrical English vs ...g6: 4 Bg2 Bg7 5 Nf3} 10. Ned5 {[%emt 0:00:00]} Rb8 {[%emt 0:00:30]} 11. a3 {[%emt 0:00:00]} (11. d3 a6 12. Bg5 f6 13. Bd2 b5 14. Rb1 b4 15. Na4 Bf7 16. a3 a5 17. axb4 axb4 18. b3 Nxd5 19. cxd5 {0-1 (41) Caruana,F (2829)-Nakamura,H (2775) London 2014}) 11... a6 {[%emt 0:12:30]} 12. b4 {[%emt 0:02:00]} b5 {[%emt 0:03:30]} 13. cxb5 {[%emt 0:00:30]} axb5 {[%emt 0:00:30]} 14. Rb1 {[%emt 0:00:00]} Nxd5 {[%emt 0:02:30]} 15. Nxd5 {[%emt 0:00:00]} cxb4 {[%emt 0:21:30]} 16. Nxb4 {[%emt 0:02:30]} Nxb4 {[%emt 0:01:30]} 17. Rxb4 {[%emt 0:00:00]} Qa5 $146 {[%emt 0:01:30]} 18. Bb2 {[%emt 0:04:00]} Rfc8 {[%emt 0:02:30]} 19. Qa1 {[%emt 0:02:30]} Rc2 {[%emt 0:06:30]} 20. Rd1 $11 {[%emt 0:03:30]} Bh6 {[%emt 0:07:30]} 21. e3 {[%emt 0:04:30]} f5 {[%emt 0:03:30]} 22. Bf1 {[%emt 0:01:30]} f4 {[%emt 0:17:34]} 23. Bd3 {[%emt 0:04:30]} Rc7 {[%emt 0:02:42]} 24. exf4 {[%emt 0:00:30]} exf4 {[%emt 0:00:19]} 25. Bc3 {[%emt 0:00:30]} Qa7 {[%emt 0:01:53]} 26. Bxb5 {[%emt 0:04:30]} fxg3 {[%emt 0:02:50]} 27. hxg3 {[%emt 0:00:30]} Rf8 {[%emt 0:00:30]} 28. Bd4 {[%emt 0:00:30]} Qa8 {[%emt 0:00:30]} 29. Bf1 {[%emt 0:00:30]} Bd5 {[%emt 0:00:43]} 30. Qb2 {[%emt 0:05:30]} Qc8 {[%emt 0:01:47]} 31. Be3 {[%emt 0:02:30]} Bg7 {[%emt 0:01:41]} 32. Qb1 {[%emt 0:00:00]} Bf3 {[%emt 0:01:05]} 33. Re1 {[%emt 0:00:00]} d5 {[%emt 0:00:33]} 34. Bg2 {[%emt 0:01:30]} Bxg2 {[%emt 0:00:53]} 35. Kxg2 {[%emt 0:00:30]} Qa8 {[%emt 0:00:17]} 36. Qb3 {[%emt 0:00:30]} Rcf7 {[%emt 0:00:39]} 37. Bc5 {[%emt 0:01:30]} Rc8 {[%emt 0:00:44]} 38. Re7 {[%emt 0:01:30]} Rxe7 {[%emt 0:01:05]} 39. Bxe7 {[%emt 0:00:00]} Kh8 {[%emt 0:00:13]} 40. Rb7 {[%emt 0:00:00]} d4 {[%emt 0:00:42]} 41. Bd6 {[%emt 0:00:30]} 1-0

[Event "2nd Turkish League 2017"]
[Site "Konya"]
[Date "2017.07.20"]
[Round "5"]
[White "Lomsadze, Davit"]
[Black "Morchiashvili, Bachana"]
[Result "1/2-1/2"]
[WhiteElo "2335"]
[BlackElo "2395"]
[Annotator "NA"]
[PlyCount "52"]
[EventType "team-tourn"]
[EventCountry "TUR"]
[SourceTitle "playchess.com"]
[Source "ChessBase"]
[SourceQuality "1"]
[TimeControl "5400+30"]

1. Nf3 {[%emt 0:00:30]} Nf6 {[%emt 0:01:00]} 2. g3 {[%emt 0:00:30]} g6 {[%emt 0:00:30]} 3. Bg2 {[%emt 0:00:30]} Bg7 {[%emt 0:00:00]} 4. O-O {[%emt 0:00:30]} O-O {[%emt 0:00:00]} 5. b3 {[%emt 0:03:30]} b6 {[%emt 0:02:30]} 6. Bb2 {[%emt 0:05:30]} Bb7 {[%emt 0:00:30]} 7. c4 {[%emt 0:01:30]} c5 {[%emt 0:03:30]} 8. d4 {[%emt 0:12:30]} cxd4 {[%emt 0:06:30]} 9. Nxd4 {[%emt 0:01:30]} Bxg2 {[%emt 0:01:30]} 10. Kxg2 {[%emt 0:00:30]} Nc6 {[%emt 0:08:30]} 11. Nxc6 {[%emt 0:04:30]} dxc6 {[%emt 0:00:30]} 12. Nd2 {[%emt 0:00:30]} Qd7 {[%emt 0:05:30]} 13. Qc2 {[%emt 0:04:30]} Rfd8 {[%emt 0:02:30]} 14. Rad1 {[%emt 0:02:30]} c5 $11 {[%emt 0:05:30]} 15. Bxf6 {[%emt 0:02:30]} Bxf6 {[%emt 0:00:30]} 16. Nf3 {[%emt 0:00:30]} Qe6 {[%emt 0:01:30]} 17. Rxd8+ {[%emt 0:01:30]} Rxd8 {[%emt 0:00:30]} 18. Rd1 {[%emt 0:00:30]} Rxd1 {[%emt 0:00:30]} 19. Qxd1 {[%emt 0:00:30]} Kg7 {[%emt 0:00:00]} 20. Qd3 {[%emt 0:00:30]} Ba1 {[%emt 0:01:00]} 21. Qd1 {[%emt 0:00:30]} Bf6 {[%emt 0:00:00]} 22. Qd3 {[%emt 0:00:30]} Ba1 {[%emt 0:00:00]} 23. Qd1 {[%emt 0:00:30]} Bf6 {[%emt 0:00:00]} 24. Qd3 {[%emt 0:00:00]} Ba1 {[%emt 0:01:00]} 25. Qd1 {[%emt 0:00:00]} Bf6 {[%emt 0:00:30]} 26. Qd3 {[%emt 0:00:30]} Ba1 {[%emt 0:00:30]} 1/2-1/2